Statistics for Title in the Lyrics Quiz #3

Click here to take the quiz!

General Stats

  • This quiz has been taken 51,959 times
    (16,550 since last reset)
  • The average score is 9 of 18

Answer Stats

Song Lyric % Correct
It's gettin' {hot} {in} {herre} / So take off all your clothes
87%
Don't wanna be an {American} {idiot} / One nation controlled by the media
75%
{I} {gotta} {feeling} that tonight's gonna be a good night
71%
And here's to you, {Mrs}. {Robinson} / Jesus loves you more than you will know
66%
We're up all night for good fun / We're up all night to {get} {lucky}
64%
Clowns to the left of me / Jokers to the right, here I am / {Stuck} {in} {the} {middle} {with} {you}
63%
'Cause if you like the way you look that much / Oh baby you should go and {love} {yourself}
62%
Wise Men say / only fools rush in / but I {can}'{t} {help} {falling} {in} {love} with you
61%
Ain't nothing but a mistake / (Tell me why) / I never want to hear you say / {I} {Want} {it} {That} {Way}
54%
{Fat} {bottomed} {girls}, you make the rockin' world go round
54%
And I wish I was special / You're so ****ing special / But I'm a {creep}
53%
Big wheel keep on turning / {Proud} {Mary} keep on burning
52%
Soy un perdedor / I'm a {loser} baby, so why don't you kill me?
48%
I don't want anybody else / When I think about you / {I} {touch} {myself}
32%
I'm a man of means by no means / {King} {of} {the} {road}
20%
{Psycho} {killer} / Qu'est-ce que c'est / Fa fa fa fa fa fa fa fa fa far better
19%
{American} {woman}, listen what I say / Don't come hangin' around my door
15%
Heavy boots of lead / Fills his victims full of dread / Running as fast as they can / {Iron} {Man} lives again!
15%

Score Distribution

Percentile by Number Answered

Percent of People with Each Score

Your Score History

You have not taken this quiz since the last reset